On This Day: July 14th II Quiz Stats

 Plays Quiz Updated Jul 14, 2018

Score 0/7 Timer 03:00
0 Plays Today
Question Answer Wrong Answers
French President Jacques Chirac escapes an assassination attempt unscathed during ______ celebrations.
2002
Bastille Day
95.5%
Ascension Day
1.4%
Labor Day
1.4%
Whit Monday
0.5%
NASA’s New Horizons probe performs the first flyby of this dwarf planet, thus completing the initial survey of the Solar System.
2015
Pluto
84.9%
Ceres
6.4%
Titan
3.6%
Europa
3.6%
With the passing of Bill C-84, capital punishment is formally abolished in this North American country.
1976
Canada
81.3%
United States
11%
Mexico
3.5%
Cuba
3%
This American commander and politician, the only person to have served as both vice president and president without being elected to either office, is born.
1913
Gerald Ford
75.1%
Richard Nixon
2.9%
Jimmy Carter
2.1%
Lyndon B. Johnson
19.8%
After playing an active role in the Suez War, Rawya Ateya takes her seat in the National Assembly of ______, becoming the first female parliamentarian in the Arab world.
1957
Egypt
73.5%
Iran
5.8%
Saudi Arabia
11.4%
Turkey
8.3%
The Campanile, a belltower in St. Mark's Square of this city, collapses, also demolishing the loggetta.
1902
Venice
54%
Vatican City
25.2%
Florence
14.7%
Pisa
6.1%
As part of the ______ policy, or Hitler’s process of Nazification, all political parties except the Nazi Party are outlawed in Germany.
1933
Gleichschaltung
40.6%
Luftwaffe
13.4%
Wehrmacht
31.4%
Schutzstaffel
13.9%

You're not logged in!

Compare scores with friends on all Sporcle quizzes.
OR
Log In

Sporcle TV

Today on Sporcle TV


Watch our educational content, quiz creation guides, and fun videos on Sporcle TV.

Show Comments

Extras

Top Quizzes Today


Score Distribution

Your Account Isn't Verified!

In order to create a playlist on Sporcle, you need to verify the email address you used during registration. Go to your Sporcle Settings to finish the process.

Report this User

Report this user for behavior that violates our Community Guidelines.

Details: